000
00309nam a2200109Ia 4500
008
171211s9999 xx 000 0 und d
245
4
_a
The People's Game?: Football, Finance and Society
245
_c
S. Morrow
260
_c
2004
650
_x
ECONOMICS
856
_u
http://down.ebook777.com/064/033394612X.pdf
999
_c
349540
_d
349540